00433nam a22001577a 450000500170000000800410001702000180005804100120007608200120008810000130010024500560011325000190016926000320018830000290022065000260024920241014063323.0241014b |||||||| |||| 00| 0 eng d a9781776176243 aEnglish a349 JOU lEnglish  aThe Law of South Africa /cWA Joubert and JA Faris  aThird Edition  aDurban: bLexisNexis,c2022 bix, 368 pages ; c26 cm. aLegal practice bLaw